| 000 | 00828nam a2200217 i 4500 | ||
|---|---|---|---|
| 001 | 83973 | ||
| 003 | ES-MaACL | ||
| 005 | 20230906174926.0 | ||
| 007 | t| | ||
| 008 | 041119s1981 sp 00110 spa d | ||
| 020 | _a84-7114-094-2 | ||
| 080 | _a636.2.084 | ||
| 245 | 0 | 0 |
_aAlimentación de los rumiantes : _bprincipios de nutrición y alimentación de los rumiantes : necesidades alimenticias de los animales : valor nutritivo de los alimentos / _cpublicado bajo la dirección de Robert Jarrige ; versión española de J. Carlos de Blas y María Jesús Fraga. |
| 260 |
_aMadrid : _bMundi-Prensa, _c1981. |
||
| 300 |
_a697 p. ; _c25 cm. |
||
| 650 |
_aRumiantes. _916954 |
||
| 700 | 1 |
_aJarrige, Robert. _966143 |
|
| 700 | 1 |
_aBlas, J. Carlos de. _929343 |
|
| 700 | 1 |
_aFraga, María Jesús. _952067 |
|
| 852 | 4 |
_aES-MaACL _jL-3798 |
|
| 999 |
_c83973 _d83973 |
||